000 00546nam a2200217Ia 4500
003 OSt
005 20220918192936.0
006 a|||||r|||| 00| 0
007 ta
008 220917b |||||||| |||| 00| 0 eng d
024 _a71,199
037 _cTextual
040 _aARTS
_cARTS
_beng
041 _2eng
_aeng
082 _aR3xM72:9, K9-;1
100 _aEames E R
_980702
245 0 _aBertrand Russell's theory of knowledge
260 _c1969
942 _hR3xM72:9, K9-;1
_cTEXL
_2CC
999 _c197278
_d197278